Statistiken für S-Bahn Netze nach Streckenlänge

Klicken Sie hier um das Quiz zu spielen!

Allgemein

  • Dieses Quiz wurde 460 mal gespielt
  • Das Durchschnittsergebnis liegt bei 13 aus 15

Antwortstatistiken

StreckenlängeS-Bahn-Netze% Korrekt
331kmS-Bahn Berlin
99%
144kmS-Bahn Hamburg
99%
434kmS-Bahn München
98%
714kmS-Bahn Rhein-Ruhr
98%
303kmS-Bahn Rhein-Main
96%
697kmS-Bahn Mitteldeutschland
95%
215kmS-Bahn Stuttgart
94%
385kmS-Bahn Hannover
90%
270kmRegio-S-Bahn Bremen/Niedersachsen
87%
224kmS-Bahn Nürnberg
87%
128kmS-Bahn Dresden
86%
370kmS-Bahn RheinNeckar
82%
91kmS-Bahn Rostock
63%
130kmS-Bahn Mittelelbe
59%
50kmBreisgau-S-Bahn
58%

Verteilung der Resultate

Perzentil nach korrekt beantworteten Fragen

Anzahl Personen mit jedem Resultat

Ihre Resultats-Entwicklung

Sie haben dieses Quiz noch nicht gespielt